|
|
|
|
| LEADER |
00930nam a2200241 a 4500 |
| 001 |
012594961 |
| 008 |
091027s2000 nyua 001 0 eng d |
| 010 |
|
|
|a 92014945
|
| 020 |
|
|
|a 019565255X
|
| 040 |
|
|
|a StDuBDS
|d UK
|
| 082 |
0 |
4 |
|a 332.0240694209172
|2 21
|
| 100 |
1 |
|
|a Rutherford, Stuart.
|
| 245 |
1 |
4 |
|a The poor and their money /
|c Stuart Rutherford.
|
| 260 |
|
|
|a New Delhi ;
|a Oxford :
|b Oxford University Press,
|c 2000.
|
| 300 |
|
|
|a viii, 121 p. :
|b ill. ;
|c 22 cm.
|
| 504 |
|
|
|a Includes bibliographical references.
|
| 541 |
1 |
|
|e 00007571
|
| 650 |
|
0 |
|a Poor
|z Developing countries
|x Finance, Personal.
|
| 650 |
|
0 |
|a Microfinance.
|
| 650 |
|
0 |
|a Saving and investment.
|
| 852 |
4 |
|
|a Ayesha Abed Library
|j General Shelf
|
| 999 |
|
|
|c 5375
|d 5375
|
| 952 |
|
|
|0 0
|1 0
|2 ddc
|4 0
|6 332_024069420917200_RUT_2000
|7 0
|9 5236
|a BRACUL
|b BRACUL
|c GEN
|d 2009-11-10
|g 312.00
|l 2
|m 31
|o 332.0240694209172 RUT
|p 3010007571
|r 2025-10-12
|s 2023-06-18
|t 1
|v 624.00
|w 2009-11-10
|y BK
|